书目信息 |
| 题名: |
雕林漫步
|
|
| 作者: | 刘开渠 著 | |
| 分册: | ||
| 出版信息: | 沈阳 辽宁美术出版社 1984 |
|
| 页数: | 172页 | |
| 开本: | 19cm | |
| 丛书名: | ||
| 单 册: | ||
| 中图分类: | J30 | |
| 科图分类: | ||
| 主题词: | 雕塑--世界--图集 | |
| 电子资源: | ||
| ISBN: | ||
| 000 | 00593nam0 2200229 45 | |
| 001 | 0184012558 | |
| 005 | 20060426144057.85 | |
| 010 | @dCNY2.63 | |
| 091 | @aCN@b8101.0234 | |
| 100 | @a19950627d1984 em y0chiy0121 ea | |
| 101 | 0 | @achi |
| 102 | @aCN@b210000 | |
| 105 | @aa z 000yy | |
| 200 | 10 | @a雕林漫步@Adiao lin man bu@f刘开渠等著@Fliu kai qu deng zhu |
| 210 | @a沈阳@c辽宁美术出版社@d1984 | |
| 215 | @a172页@d19cm | |
| 606 | @a雕塑@y世界@x图集 | |
| 690 | @aJ30@v3 | |
| 701 | 0 | @a刘开渠@Aliu kai qu@4著 |
| 801 | 2 | @aCN@bNLC@c20060426 |
| 801 | 0 | @aCN@bTSSF |
| 905 | @a10447@dJ30@e2 | |
| 雕林漫步/刘开渠等著.-沈阳:辽宁美术出版社,1984 |
| 172页;19cm |
| ISBN :CNY2.63 |
| ● |
| 相关链接 |
|
|
|
|
正题名:雕林漫步
索取号:J30/2
 
预约/预借
| 序号 | 登录号 | 条形码 | 馆藏地/架位号 | 状态 | 备注 |
| 1 | 0169717 | 202287916 | 密集书库/ [索取号:J30/2] | 在馆 | |
| 2 | 0169719 | 001210736 | 第一样本阅览室/ [索取号:J30/2] | 在馆 |